Cours de mathématiques
Uloženo v:
| Hlavní autoři: | , |
|---|---|
| Médium: | Kniha |
| Jazyk: | francouzština |
| Vydáno: |
París
Dunod
1977
|
| Vydání: | 4a. ed |
| Témata: | |
| Tagy: |
Přidat tag
Žádné tagy, Buďte první, kdo vytvoří štítek k tomuto záznamu!
|
MARC
| LEADER | 00000nam a2200000 a 4500 | ||
|---|---|---|---|
| 001 | UCQ8074 | ||
| 003 | CL-VaPUC | ||
| 008 | 981127e19770000FR |||||||||||||||||fre|d | ||
| 082 | 0 | 4 | |a 510 |b LEL |2 21 |
| 100 | |a Lelong-Ferrand, Jacqueline |e author |9 430677 | ||
| 700 | 0 | |a Arnaudiès, Jean-Marie |e author |9 421925 | |
| 245 | 1 | 0 | |a Cours de mathématiques |
| 250 | |a 4a. ed | ||
| 300 | |a 4 v | ||
| 942 | |c BK | ||
| 945 | |d 19981127 00:00:00 |a crobeson | ||
| 260 | |a París |b Dunod |c 1977 | ||
| 650 | 0 | |a Matemática |9 260235 | |
| 650 | 0 | |a Álgebra |9 259567 | |
| 650 | 0 | |a Análisis matemático |9 260146 | |
| 650 | 0 | |a Geometría |9 264063 | |
| 650 | 0 | |a Cinemática |9 260942 | |
| 650 | 0 | |a Ecuaciones diferenciales |9 260083 | |
| 650 | 7 | |a INTEGRALES MULTIPLES |2 CL-VaPUC |9 421926 | |
| 583 | |a last modification |c 19981127 00:00:00 |k Rodrigo Vera | ||
| 999 | |c 277432 |d 277430 | ||